Nociones de Derecho Procesal Civil y Administrativo (Registro nro. 1863)
[ vista simple ]
| 000 -LEADER | |
|---|---|
| fixed length control field | 01652 a2200229 4500 |
| 001 - CONTROL NUMBER | |
| control field | 29438 |
| 005 - DATE AND TIME OF LATEST TRANSACTION | |
| control field | 20260407155604.0 |
| 008 - FIXED-LENGTH DATA ELEMENTS--GENERAL INFORMATION | |
| fixed length control field | 260407a1998 arg spa d |
| 003 - CONTROL NUMBER IDENTIFIER | |
| control field | AR-UNSa-BCEJYS |
| 040 ## - CATALOGING SOURCE | |
| Original cataloging agency | AR-UNSa-BCEJYS |
| Language of cataloging | spa |
| Transcribing agency | AR-UNSa-BCEJYS |
| 080 ## - UNIVERSAL DECIMAL CLASSIFICATION NUMBER | |
| Universal Decimal Classification number | 336.225 |
| Common auxiliary subdivision | Método de tributación y administración de impuestos |
| 041 ## - LANGUAGE CODE | |
| Language code of text/sound track or separate title | spa |
| 100 1# - MAIN ENTRY--PERSONAL NAME | |
| Personal name | Gómez, Teresa |
| 245 10 - TITLE STATEMENT | |
| Title | Nociones de Derecho Procesal Civil y Administrativo |
| 250 ## - EDITION STATEMENT | |
| Edition statement | 2a. ed. |
| 264 #1 - PRODUCTION, PUBLICATION, DISTRIBUTION, MANUFACTURE, AND COPYRIGHT NOTICE | |
| Place of production, publication, distribution, manufacture | Buenos Aires : |
| Name of producer, publisher, distributor, manufacturer | Ediciones Nueva Técnica |
| Date of production, publication, distribution, manufacture, or copyright notice | 1998 |
| 300 ## - PHYSICAL DESCRIPTION | |
| Extent | 112 p. |
| Dimensions | 28 cm. |
| 505 ## - FORMATTED CONTENTS NOTE | |
| Formatted contents note | Modulo I: Nociones de derecho procesal civil: 1. Concepto - 2. Naturaleza jurídica - 3. Clases de proceso - 4. Principios procesales - 5. Jurisdicción y competencia - 6. Proceso contencioso - Modulo II: Nociones de procedimiento administrativo: 1. Procesos contenciosos administrativo y judicial. Proceso administrativo - 2. Procedimientos administrativos - 3. Principios generales del procedimiento administrativo - 4. Acto administrativo - 5. Recursos administrativos - 6. Impugnación judicial de actos administrativos - Modulo III: Ley de procedimiento tributario: 1. Autonomía del derecho tributario - 2. Codificación limitada - Modulo IV: Administración Federal de Ingresos Público: 1. Administración Federal de Ingresos Públicos - 2. Proyecciones de la derogación de los artículos precitados - 3. Naturaleza jurídica de la A.F.I.P. y competencia - 4. Auroridades administrativas - 5. Organigrama de la A.F.I.P. - Modulo V: Interpretación de las leyes tributarias |
| 590 ## - LOCAL NOTE (RLIN) | |
| Local note | niveau_biblio:m niveau_hierar:0 |
| 700 1# - ADDED ENTRY--PERSONAL NAME | |
| Personal name | Folco, Carlos Maria |
| 942 ## - ADDED ENTRY ELEMENTS (KOHA) | |
| Koha item type | |
| Withdrawn status | Lost status | Damaged status | Not for loan | Home library | Current library | Shelving location | Date acquired | Total checkouts | Full call number | Barcode | Date last seen | Price effective from | Koha item type |
|---|---|---|---|---|---|---|---|---|---|---|---|---|---|
| Biblioteca Prof. Eusebio Cleto del Rey | Biblioteca Prof. Eusebio Cleto del Rey | 07/04/2026 | 336.225 C392c v.1 2ed. | L85061 | 07/04/2026 | 07/04/2026 | Libro | ||||||
| Biblioteca Prof. Eusebio Cleto del Rey | Biblioteca Prof. Eusebio Cleto del Rey | 07/04/2026 | 336.225 C392c v.1 2ed. | L85062 | 07/04/2026 | 07/04/2026 | Libro |